MARC

LEADER 00000nas a2200000 4500
001 ssj0015351
003 WaSeSS
005 20200512172242.0
006 m d
007 cr n
008 760923d19752000pe wr p s 0 a0eng c
010 |a  79645840  
016 7 |a 009831657  |2 Uk 
022 |l 0251-2491  |y 0251-2491 
035 |a (WaSeSS)ssj0015351 
037 |b Andean Air Mail & Peruvian Times S.A., Publishers', P.O. Box 2464, Lima, Peru 
040 |a IXA  |b eng  |c IXA  |d COO  |d YUS  |d DLC  |d NST  |d NSD  |d NST  |d DLC  |d NST  |d AIP  |d DLC  |d CLU  |d DLC  |d SYS  |d OCLCQ  |d HLS  |d NLGGC  |d OCLCQ  |d UKMGB  |d OCLCF  |d OCLCO  |d OCLCQ  |d WaSeSS 
042 |a pcc  |a nsdp 
043 |a s-pe--- 
050 0 0 |a HC226  |b .A83 
082 0 |a 330.98/0005  |2 19 
210 0 |a Andean rep. 
222 4 |a The Andean report 
245 0 4 |a The Andean report  |h [electronic resource]. 
246 1 3 |a Andean Air Mail & Peruvian Times's the Andean report 
260 |a Lima,  |b [Andean Air Mail & Peruvian Times]  |c -2000. 
310 |a Weekly,  |b Apr. 27, 1992-Oct. 2-9, 2000 
321 |a Monthly,  |b -Apr. 1992 
362 0 |a v. 1-v.27, no. 37 ; July 1975-Oct 2-9, 2000. 
500 |a At head of title: The Andean Air Mail & Peruvian Times's, Apr. 27, 1992- 
506 |a License restrictions may limit access. 
515 |a Issues for July 1975-Jan. 1976 called no. 1-7 but constitute v.1-2, no. 1. 
648 7 |a Since 1968  |2 fast 
650 7 |a Economic history.  |2 fast  |0 (OCoLC)fst00901974 
651 0 |a Peru  |x Economic conditions  |y 1968-  |v Periodicals. 
651 0 |a Andes Region  |x Economic conditions  |v Periodicals. 
651 0 |a Chile  |x Economic conditions  |y 1973-1988  |v Periodicals. 
651 7 |a Andes Region.  |2 fast  |0 (OCoLC)fst01241744 
651 7 |a Chile.  |2 fast  |0 (OCoLC)fst01205362 
651 7 |a Peru.  |2 fast  |0 (OCoLC)fst01205190 
655 0 |a Electronic journals. 
780 0 2 |t Peruvian times  |w (DLC) 74645551 
850 |a CLU  |a DLC  |a IU  |a MH  |a NjP  |a PPiU 
853 0 3 |8 1  |a v.  |b no.  |i (year)  |j (month) 
853 3 3 |8 2  |a v.  |b no.  |i (year)  |j (date) 
856 4 0 |z Full text available from Research Library: 02/12/2001 to 02/12/2001  |u https://search.proquest.com/publication/46819 
863 4 0 |8 1  |a <6>-  |i <1980>-  |x provisional 
863 4 1 |8 2  |a <20>  |b <3>-  |i <1993:Jan.18/1994:Jan.10>  |x provisional